000 00515nam a2200133Ia 4500
008 220620s9999||||xx |||||||||||||| ||und||
020 _a9782890000000
245 0 _aPhysico-Chemical Control of Cell Function
546 _aEnglish[eng]
650 _acell mechanics||mechanobiology||cell fate||Mechanical cues||Integrative biology
700 _aGargioli, Cesare||Forte, Giancarlo||Rainer, Alberto
856 _uhttps://www.frontiersin.org/research-topics/6325/physico-chemical-control-of-cell-function
942 _cEB
999 _c29120
_d29120